000 00780nam a2200193 a 4500
005 20140412111406.0
008 070813s19uu xx 00 eng d
020 _a0-590-03434-0
050 _aM 398.27
_bAr4 1964
100 _aCooper, Arkhurst Joyce
245 _aThe adventures of spider: West african folktales /
_cRetold by Joyce Cooper Arkhurst ; Illustrated by Jerry Pinkney.
260 _aNew York :
_bScholastic,
_c1964.
300 _a58p. : col. ill. ; 24 cm.
520 _aPresents six tales about spider, including those which explain how he got a thin waist and a bald head and why he lives in ceilings and dark corners.
650 _aAnansi (Legendary character)
_xLegends
650 _aFolklore-
_xAfrica west
650 _aSpiders
_xFolklore
999 _c105561
_d105561